Google-Jahresrückblick 2024 (Filme) - Statistiken

Allgemein
  • Dieses Quiz wurde 78 mal gespielt
  • Das Durchschnittsergebnis liegt bei 5 aus 10
Antwortstatistiken
Bildquiz Antwort % Korrekt
Oppenheimer
95%
Alles steht Kopf 2
88%
Deadpool
88%
Dune 2
64%
Beetlejuice
58%
Chantal im Märchenland
47%
Terrifier 3
33%
Damsel
16%
It Ends with Us
13%
Saltburn
9%
Keine übereinstimmenden Quizze gefunden
Verteilung der Resultate
Anzahl Personen mit jedem Resultat
Perzentil nach korrekt beantworteten Fragen
Ihre Resultats-Entwicklung
Sie haben dieses Quiz noch nicht gespielt